000 00264nam a22001217a 4500
008 170419b xxu||||| |||| 00| 0 eng d
041 _aeng
080 _23ED
_a579
100 _a11
101 _aSHM
245 _aMEDICAL MICROBIOLOGY
_cRYAN.K.J
942 _2udc
_cBK
999 _c11130
_d11130